000 00702nam a2200205Ia 4500
001 12821
003 GE_BSU
008 181216s||||||||xx |||||||||||||| ||und||
040 _cGE_BSU
100 _aМанджавидзе,Д.В.
245 _aРеликтовые леса Аджарии и их народнохозяйственное значение
245 _cРед.Н.Н.Кецховели
260 _aТбилиси
260 _bМецниереба
260 _c1982
300 _a264стр.20см.
300 _cБиблиогр.с.237-260
653 _aРеликтовые леса Аджарии и их народнохозяйственное значение
942 _cBK
999 _c45992
_d45992